| 000 | 01097nam a22002777a 4500 | ||
|---|---|---|---|
| 001 | BD-DhSAU 9278 | ||
| 003 | BD-DhSAU | ||
| 005 | 20221205162936.0 | ||
| 008 | 150613b2018 bg a|||| m||| 00| 0 eng d | ||
| 040 | _aBD-DhSAU | ||
| 082 |
_222 _a630 _bJ272 |
||
| 100 |
_aJAME, ZOBAYRA HAQUE _eRegistration # 14-05827 |
||
| 245 |
_aWeed control efficiency of herbicide mixtures in transplanted aman rice varieties / _bMS thesis |
||
| 260 |
_aSher-e-Bangla Agricultural University : _bDepartment of Agronomy, _c2021 |
||
| 300 |
_axv, 153p. : _bill. ; _c30 cm. |
||
| 500 | _aMS thesis of Department of Agonomy, Faculty of Agriculture, Sher-e-Bangla Agricultural University, Dhaka, Bangladesh | ||
| 504 | _aIncludes bibliographical reference. | ||
| 590 | _aNazmul | ||
| 650 | _aweed control | ||
| 650 | _aherbicide mixtures | ||
| 651 | _aaman rice varieties | ||
| 700 |
_aDr. Sheikh Muhammad Masum _eSuperviser |
||
| 700 |
_aProf. Dr. H. M. M. Tariq Hossain _eCo-superviser |
||
| 856 | _uhttp://archive.saulibrary.edu.bd:8080/xmlui/handle/123456789/4569 | ||
| 942 |
_2ddc _cTHESIS |
||
| 999 |
_c16291 _d16290 |
||